Welcome to CU Library Online Public Access Catalogue (OPAC)

Race, crime, and the law / (Record no. 2862)

MARC details
000 -LEADER
fixed length control field 00765cam a2200229 a 4500
001 - CONTROL NUMBER
control field 1637014
005 - DATE AND TIME OF LATEST TRANSACTION
control field 20250122211509.0
008 - FIXED-LENGTH DATA ELEMENTS--GENERAL INFORMATION
fixed length control field 960923s1997 nyu b 001 0 eng
020 ## - INTERNATIONAL STANDARD BOOK NUMBER
International Standard Book Number 0679438815
050 00 - LIBRARY OF CONGRESS CALL NUMBER
Classification number KF9223
Item number .K43 1997
082 00 - DEWEY DECIMAL CLASSIFICATION NUMBER
Classification number 345.73/05
Edition information 21
100 1# - MAIN ENTRY--PERSONAL NAME
Personal name Kennedy, Randall,
Dates associated with a name 1954-
245 10 - TITLE STATEMENT
Title Race, crime, and the law /
Statement of responsibility, etc. Randall Kennedy.
250 ## - EDITION STATEMENT
Edition statement lst ed.
260 ## - PUBLICATION, DISTRIBUTION, ETC.
Place of publication, distribution, etc. New York :
Name of publisher, distributor, etc. Pantheon Books,
Date of publication, distribution, etc. c1997.
300 ## - PHYSICAL DESCRIPTION
Extent xiv, 538 p. ;
Dimensions 25 cm.
650 #0 - SUBJECT ADDED ENTRY--TOPICAL TERM
Topical term or geographic name entry element Discrimination in criminal justice administration
Geographic subdivision United States.
650 #0 - SUBJECT ADDED ENTRY--TOPICAL TERM
Topical term or geographic name entry element African Americans
General subdivision Civil rights.
650 #0 - SUBJECT ADDED ENTRY--TOPICAL TERM
Topical term or geographic name entry element African American criminals.
856 42 - ELECTRONIC LOCATION AND ACCESS
Materials specified Publisher description
Uniform Resource Identifier <a href="http://www.loc.gov/catdir/description/random049/96046534.html">http://www.loc.gov/catdir/description/random049/96046534.html</a>
942 ## - ADDED ENTRY ELEMENTS (KOHA)
Source of classification or shelving scheme Library of Congress Classification
Koha item type Books
Suppress in OPAC No
999 ## -
-- 2862
-- 2862
Holdings
Withdrawn status Lost status Source of classification or shelving scheme Damaged status Not for loan Collection Home library Current library Shelving location Date acquired Total checkouts Full call number Barcode Date last seen Copy number Uniform resource identifier Price effective from Koha item type
    Library of Congress Classification     Non-fiction Law Library (Christ Temple) Law Library (Christ Temple) General stacks 01/22/2025   KF8920 KEN LLCT00000258 01/22/2025 1 KF9223.K43 KEN 01/22/2025 Books
© 2023-2024 Copyright: Central University Libraries. All Rights Reserved | Created by: Mahone Tech Office